• 首页
  • 本馆介绍
  • 公告通知
  • 最新文献
  • 馆藏检索
  • 电子资源
  • 读者导购
  • 参考咨询
  • 我的图书馆
  • 登录
  • 详细信息显示
  • 放入我的书架
  • 预约/预借图书
  • 作者相关作品
  • 分类相关作品
  • 丛书相关作品
  • 出版社相关作品

书目信息

  • 表格格式
  • 工作单格式
  • 卡片格式
题名:
体育
    
 
作者:
分册: 第五册  
出版信息: 石家庄   河北教育出版社  1993
页数: 72页
开本: 20cm
丛书名:
单 册:
中图分类: G8
科图分类:
主题词: 体育
电子资源:
ISBN: 7-5434-1860-6
000 00638nam0 2200241 45
001 0184005748
005 20070611152106.70
010    @a7-5434-1860-6@dCNY2.10
100    @a19951027d1993 em y0chiy0121 ea
101 0  @achi
102    @aCN@b130000
102    @aCN@b310000
105    @ay z 000yy
200 10 @a体育@h第五册@Fhan qing lin zhu bian
210    @a石家庄@c河北教育出版社@d1993@h2000
215    @a72页@d20cm
300    @a河北省高级中学课本
300    @a经河北省中小学教材审查委员会审查试用
606    @a体育
690    @aG8@v3
801  2 @aCN@bNLC@c20070611
801  0 @aCN@bTSSF@c20070606
905    @a10447@dG8@e265:5
    
    体育.第五册.-石家庄:河北教育出版社,1993(2000)
    72页;20cm
    河北省高级中学课本.-经河北省中小学教材审查委员会审查试用
    
    ISBN 7-5434-1860-6:CNY2.10
    
●
相关链接 在E读中查询图书 在五车中查询图书 在当当中查询图书 在豆瓣中查询图书


正题名:体育     索取号:G8/265:5         预约/预借

序号 登录号 条形码 馆藏地/架位号 状态 备注
1 0629174   206291742   第一样本阅览室/ [索取号:G8/265:5] 在馆    
2 0629175   206291751   密集书库/ [索取号:G8/265:5] 在馆    
3 0629176   206291760   密集书库/ [索取号:G8/265:5] 在馆    
4 0629177   206291779   密集书库/ [索取号:G8/265:5] 在馆    
5 0629178   206291788   密集书库/ [索取号:G8/265:5] 在馆    
6 0629179   206291797   密集书库/ [索取号:G8/265:5] 在馆    
7 0629180   206291804   密集书库/ [索取号:G8/265:5] 在馆    
8 0629181   206291813   密集书库/ [索取号:G8/265:5] 在馆    
9 0629182   206291822   密集书库/ [索取号:G8/265:5] 在馆    
10 0629183   206291831   密集书库/ [索取号:G8/265:5] 在馆    
11 0629184   206291840   密集书库/ [索取号:G8/265:5] 在馆    
12 0629185   206291859   密集书库/ [索取号:G8/265:5] 在馆    
13 0629186   206291868   密集书库/ [索取号:G8/265:5] 在馆    
14 0629187   206291877   密集书库/ [索取号:G8/265:5] 在馆    
15 0629188   206291886   密集书库/ [索取号:G8/265:5] 在馆    
16 0629189   206291895   密集书库/ [索取号:G8/265:5] 在馆    
17 0629190   206291902   密集书库/ [索取号:G8/265:5] 在馆    
18 0629191   206291911   密集书库/ [索取号:G8/265:5] 在馆    
19 0629192   206291920   密集书库/ [索取号:G8/265:5] 在馆    
20 0629193   206291939   密集书库/ [索取号:G8/265:5] 在馆    
21 0629194   206291948   密集书库/ [索取号:G8/265:5] 在馆    
22 0629195   206291957   密集书库/ [索取号:G8/265:5] 在馆    
23 0629196   206291966   密集书库/ [索取号:G8/265:5] 在馆    
24 0629197   206291975   密集书库/ [索取号:G8/265:5] 在馆    
25 0629198   206291984   密集书库/ [索取号:G8/265:5] 在馆    
26 0629199   206291993   密集书库/ [索取号:G8/265:5] 在馆    
27 0629200   206292000   密集书库/ [索取号:G8/265:5] 在馆    
28 0629201   206292019   密集书库/ [索取号:G8/265:5] 在馆    
29 0629202   206292028   密集书库/ [索取号:G8/265:5] 在馆    
30 0629203   206292037   密集书库/ [索取号:G8/265:5] 在馆    
31 0629204   206292046   密集书库/ [索取号:G8/265:5] 在馆    
32 0629205   206292055   密集书库/ [索取号:G8/265:5] 在馆    
33 0629206   206292064   密集书库/ [索取号:G8/265:5] 在馆    
34 0629207   206292073   密集书库/ [索取号:G8/265:5] 在馆    
35 0629208   206292082   密集书库/ [索取号:G8/265:5] 在馆    
36 0629209   206292091   密集书库/ [索取号:G8/265:5] 在馆    
37 0629210   206292108   密集书库/ [索取号:G8/265:5] 在馆    
38 0629211   206292117   密集书库/ [索取号:G8/265:5] 在馆    
39 0629212   206292126   密集书库/ [索取号:G8/265:5] 在馆    
40 0629213   206292135   密集书库/ [索取号:G8/265:5] 在馆    
41 0629214   206292144   密集书库/ [索取号:G8/265:5] 在馆    
42 0629215   206292153   密集书库/ [索取号:G8/265:5] 在馆    
43 0629216   206292162   密集书库/ [索取号:G8/265:5] 在馆    
44 0629217   206292171   密集书库/ [索取号:G8/265:5] 在馆    
45 0629218   206292180   密集书库/ [索取号:G8/265:5] 在馆    
46 0629219   206292199   密集书库/ [索取号:G8/265:5] 在馆    
47 0629220   206292206   密集书库/ [索取号:G8/265:5] 在馆    
48 0629221   206292215   密集书库/ [索取号:G8/265:5] 在馆    
49 0629222   206292224   密集书库/ [索取号:G8/265:5] 在馆    
50 0629223   206292233   密集书库/ [索取号:G8/265:5] 在馆    
51 0629224   206292242   密集书库/ [索取号:G8/265:5] 在馆    
52 0629225   206292251   密集书库/ [索取号:G8/265:5] 在馆    
53 0629226   206292260   密集书库/ [索取号:G8/265:5] 在馆    
54 0629227   206292279   密集书库/ [索取号:G8/265:5] 在馆    
55 0629228   206292288   密集书库/ [索取号:G8/265:5] 在馆    
56 0629229   206292297   密集书库/ [索取号:G8/265:5] 在馆    
57 0629230   206292304   密集书库/ [索取号:G8/265:5] 在馆    
58 0629231   206292313   密集书库/ [索取号:G8/265:5] 在馆    
59 0629232   206292322   密集书库/ [索取号:G8/265:5] 在馆    
60 0629233   206292331   密集书库/ [索取号:G8/265:5] 在馆    
61 0629234   206292340   密集书库/ [索取号:G8/265:5] 在馆    
62 0629235   206292359   密集书库/ [索取号:G8/265:5] 在馆    
63 0629236   206292368   密集书库/ [索取号:G8/265:5] 在馆    
64 0629237   206292377   密集书库/ [索取号:G8/265:5] 在馆    
65 0629238   206292386   密集书库/ [索取号:G8/265:5] 在馆    
66 0629239   206292395   密集书库/ [索取号:G8/265:5] 在馆    
67 0629240   206292402   密集书库/ [索取号:G8/265:5] 在馆    
68 0629241   206292411   密集书库/ [索取号:G8/265:5] 在馆    
69 0629242   206292420   密集书库/ [索取号:G8/265:5] 在馆    
70 0629243   206292439   密集书库/ [索取号:G8/265:5] 在馆    
唐山师范学院图书馆 欢迎您!
大连网信软件有限公司© 版权所有